000 01250nam a22002417a 4500
005 20110211123857.0
008 110211t xxu||||| |||| 00| 0 mar d
010 _aMAR-20587
020 _a9788190920131
_c40.00
035 _aMR-13245
037 _bDBAD / PUB
040 _aDPL
_bMR
082 _a954.04
100 _925868
245 _aशिवकाळ व पेशवाईतील महारांचा लष्करी इतिहास/
_cअनिल कठारे द्वारा संशोधित
246 _aShivkal Va Peshwaitill Maharancha Laskari Itihas
260 _aकंधार (जि.नांदेड)
_bपूनम प्रकाशन
_c2011
270 _aमहात्मा फुले हाऊसिंग सोसायटी,तहसीलच्या पाठीमागे,
_bकंधार (जि.नांदेड)
_e431714
300 _a67पृ
_b21सेमी(अजिल्द)
700 _aकठारे,अनिल
_925948
942 _2ddc
_cMR
_h954.04
_mशिवका
999 _c50541
_d50541